Poland in Eurovision (1994-2025) - Statistics

General Stats
  • This quiz has been taken 7 times
  • The average score is 19 of 28
Answer Stats
Year Song title Result % Correct
2025 Gaja 14
100%
2023 Solo 19
100%
2024 The Tower 12 (SF)
100%
1994 To nie ja! 2
100%
2011 Jestem 19 (SF)
83%
2022 River 12
83%
2021 The Ride 14 (SF)
83%
2001 2 Long 20
67%
1997 Ale jestem 11
67%
1996 Chcę znać swój grzech 15
67%
2016 Color of Your Life 8
67%
2005 Czarna dziewczyna 11 (SF)
67%
2020 Empires N/A
67%
2017 Flashlight 22
67%
2015 In the Name of Love 23
67%
2010 Legenda 13 (SF)
67%
2018 Light Me Up 14 (SF)
67%
2004 Love Song 17
67%
1998 To takie proste 17
67%
2019 Fire of Love (Pali się) 11 (SF)
50%
2006 Follow My Heart 11 (SF)
50%
2009 I Don't Wanna Leave 12 (SF)
50%
2003 Keine Grenzen – Żadnych granic 7
50%
2014 My Słowianie – We Are Slavic 14
50%
1995 Sama 18
50%
2007 Time to Party 14 (SF)
50%
1999 Przytul mnie mocno 18
33%
2008 For Life 24
17%
No matching quizzes found
Score Distribution
Percent of People with Each Score
Percentile by Number Answered
Your Score History
You have not taken this quiz